1648 1848 1591 1562 1734 1621 1119 1055 1213 1539 1423 1020 1666 1402 1420 1924 1280 1235 1777 1668 1444 1630 1339 1577 1419 1032 1552 1574 1246 1932 1136 1734 1627 1288 1766 1914 1244 1773 1228 1136 1465 1490 1222 1235 1038 1134 1022 1592 1838 1052 1836 1812 1509 1663 1935 1385 1969 1417 1939 1659 1820 1152 1662 1491 1623 1101 1509 1538 1498 1756 2000 1833 1016 1158 1902 1932 1611 1564 1827 1772 1599 1909 1786 1127 1647 1717 1023 1615 1799 1995 1591 1422 1009 1473 1041 1286 1117 1750 1642 BCNSPRNW ULIB Ver.6.0+V

เปลี่ยนเป็นภาษาไทย

Change to English
 แสดงรายละเอียดบรรณานุกรม
  กลับหน้าหลัก

Brief Record : Get Marc (ISO 2709) : E-mail record : QR code < ปิดหน้าต่าง
LEADER : 00000nam 2200000uu 4500
001    13399123047
003     ULIB
008    131128s2555||||th 000 0 tha d
020    ^a9786162142994
090    ^aนว.^bพ187พ ล.44
100 0  ^aพนมเทียน
245 10 ^aเพชรพระอุมา: แต่ปางบรรพ์ เล่ม 4/^cพนมเทียน
250    ^aพิมพ์รวมเล่มครั้งที่ 6
260    ^aกรุงเทพฯ :^bณ บ้านวรรณกรรม,^c2555
300    ^a332 หน้า
505 00 ^a^gล.1-4^tไพรมหากาฬ --^gล.5-8^tดงมรณะ -- ^gล.9-12^tจอมผีดิบมันตรัย -- ^gล.13-16^tอาถรรพณ์นิทรานคร -- ^gล.17-20^tป่าโลกล้านปี -- ^gล.21-24^tแงซายจอมจักรา -- ^gล.25-28^tจอมพราน -- ^gล.29-32^tไอ้งาดำ -- ^gล.33-36^tจิตรางคนางค์-- ^gล.37-40^tนาคเทวี -- ^gล.41-44^tแด่ปางบรรพ์ -- ^gล.45-48^tมงกุฎไพร
650  4 ^aนวนิยายไทย
945    ^p225^l0^i034248
999    ทศพร
รายการนี้ยังไม่มีแท็ก
คุณยังไม่ได้ล็อกอิน คุณสามารถมีกิจกรรมร่วมกับเว็บไซต์ได้ แต่ต้องล็อกอินก่อน ::
  ล็อกอิน

รายการสื่อสารสนเทศ

ลำดับที่ ประเภท เลขเรียก/บาร์โค้ด สถานที่ สถานะ
1. นวนิยาย
นวนิยาย
นว. พ187พ ล.44 ฉ.1 
  Barcode: 034248
ห้องสมุดวิทยาเขตสวรรค์ประชารักษ์
►นวนิยาย
บนชั้น
  ขอยืม

รายการใกล้เคียง
    ผู้แต่ง [พนมเทียน]

    หัวเรื่อง [นวนิยายไทย]

BibComment


ยังไม่เคยถูกคอมเมนท์

คอมเมนท์ทรัพยากรรายการนี้
  คอมเมนท์: เพชรพระอุมา แต่ป..


 Copyright 2026. Bcnsprnw @Library